00363nam a2200145Ia 45000030006000000080041000060400015000471000017000622450044000792500006001232600053001293000006001825460012001880050017002000STCL150530s9999 xx 000 0 und d aSTCLcSTCL aPaulo Coelho aBy the River Piedra I Sat Down and Wept a1 bOxford University press;New Yorkc2005aNew York a0 aEnglish20220125171019.0